| 000 -LEADER |
| fixed length control field |
01216nam a2200241Ia 4500 |
| 001 - CONTROL NUMBER |
| control field |
18524 |
| 003 - CONTROL NUMBER IDENTIFIER |
| control field |
GE_BSU |
| 008 - FIXED-LENGTH DATA ELEMENTS--GENERAL INFORMATION |
| fixed length control field |
181216s||||||||xx |||||||||||||| ||und|| |
| 020 ## - INTERNATIONAL STANDARD BOOK NUMBER |
| International Standard Book Number |
ISBN 978-9941-445-24-8 |
| 040 ## - CATALOGING SOURCE |
| Transcribing agency |
GE_BSU |
| 080 ## - UNIVERSAL DECIMAL CLASSIFICATION NUMBER |
| Universal Decimal Classification number |
821.111(73)-32 |
| 100 ## - MAIN ENTRY--PERSONAL NAME |
| Personal name |
ო. ჰენრი, შერვუდ ანდერსონი, ფრენსის სკოტ ფიცჯერალდი, თომას ვულფი |
| 245 ## - TITLE STATEMENT |
| Title |
ნოველები |
| 245 ## - TITLE STATEMENT |
| Statement of responsibility, etc. |
ინგლ. თარგმნა მაია ცერცვაძემ ; რედ. ზვიად კვარაცხელია |
| 260 ## - PUBLICATION, DISTRIBUTION, ETC. |
| Place of publication, distribution, etc. |
თბილისი |
| 260 ## - PUBLICATION, DISTRIBUTION, ETC. |
| Name of publisher, distributor, etc. |
არტანუჯი, |
| 260 ## - PUBLICATION, DISTRIBUTION, ETC. |
| Date of publication, distribution, etc. |
2013 |
| 300 ## - PHYSICAL DESCRIPTION |
| Extent |
192 გვ. ; 20 სმ |
| 653 ## - INDEX TERM--UNCONTROLLED |
| Uncontrolled term |
ნოველები |
| 653 ## - INDEX TERM--UNCONTROLLED |
| Uncontrolled term |
შინაარსი: ქალაქის ძლევა; ჰარგრევსის ორპირობა; შეუფასებელი დოლარი; არია და პოლიციის სერჟანტი; დეტექტივის დეტექტორი; ქალაქთა სიამაყე |
| 942 ## - ADDED ENTRY ELEMENTS (KOHA) |
| Koha item type |
წიგნი |